| 000 | 01241cam a2200277 4500 | ||
|---|---|---|---|
| 001 | ABS62983 | ||
| 008 | 000000n2000 000 0 eng u | ||
| 035 | _a(Sirsi) u109158 | ||
| 100 | _aPorter, R. | ||
| 245 | _aOccupier 2000: trends | ||
| 260 | _c2000 | ||
| 490 |
_aEstates Gazette _v(0041) 14 October 2000, 95-111(12) |
||
| 520 | _aSpecial report on office occupiers. Considers whether occupiers are getting customer service from agents, and suggests agents need to be more flexible. Reports on the debates on the changing landlord-and-tenant relationship, which took place at the Property Forum meeting aboard the Arcadia. Also looks at the co-location market. Considers whether rapid growth and long term leases can co-exist, and examines science parks and the needs of their hi-tech occupiers. | ||
| 590 | _aABS | ||
| 650 | _aOCCUPIERS | ||
| 650 | _aAGENTS | ||
| 650 |
_aLANDLORD AND TENANT _96252 |
||
| 650 | _aPROPERTY FORUM | ||
| 650 | _aPROPERTY-COMMERCIAL PROPERTY-RETAIL PROPERTY-RETAIL PROPERTY MARKET | ||
| 650 | _aTRENDS | ||
| 650 | _aCO-LOCATION FACILITIES | ||
| 650 | _aLONG TERM LEASES | ||
| 650 | _aSCIENCE PARKS | ||
| 690 | _aPROPERTY-COMMERCIAL PROPERTY-COMMERCIAL PROPERTY MARKET | ||
| 942 | _n0 | ||
| 999 |
_c65175 _d65175 |
||